Actas Segundo congreso chileno de antropología
Saved in:
| Institution som forfatter: | |
|---|---|
| Format: | Bog |
| Sprog: | spansk |
| Udgivet: |
Santiago
Colegio de Antropólogos de Chile
1997
|
| Fag: | |
| Tags: |
Tilføj Tag
Ingen Tags, Vær først til at tagge denne postø!
|
MARC
| LEADER | 00000nam a2200000 a 4500 | ||
|---|---|---|---|
| 001 | UCQ8168 | ||
| 003 | CL-VaPUC | ||
| 005 | 20250108094721.0 | ||
| 008 | 981127e19970000cl 1 spa d | ||
| 082 | 0 | 4 | |a 301 |b COL |2 21 |
| 110 | 2 | |a Colegio de Antropólogos de Chile |e author |9 619180 | |
| 245 | 1 | 0 | |a Actas Segundo congreso chileno de antropología |
| 260 | |a Santiago |b Colegio de Antropólogos de Chile |c 1997 | ||
| 300 | |a 2 v | ||
| 583 | |a last modification |c 19981127 00:00:00 |k Rodrigo Vera | ||
| 650 | 0 | 0 | |a Antropología |9 233030 |
| 650 | 0 | 0 | |a Cultura |9 269059 |
| 650 | 0 | 0 | |a Antropología social |9 306264 |
| 650 | 0 | 0 | |a Sociedad |9 307903 |
| 650 | 0 | 0 | |a Análisis sociológico |9 337962 |
| 650 | 0 | 0 | |a Familias |9 255641 |
| 650 | 0 | 0 | |a Identidad cultural |9 319131 |
| 650 | 0 | 0 | |a Derecho consuetudinario |9 256602 |
| 650 | 0 | 0 | |a Impacto ambiental |9 262796 |
| 650 | 0 | 0 | |a Congresos |9 257560 |
| 651 | 7 | |a CHILE |2 CL-VaPUC |9 619182 | |
| 942 | |c BK | ||
| 945 | |a aarredon |d 19981127 00:00:00 | ||
| 546 | |a En Español | ||
| 536 | |a Colegio de Antropólogos de Chile | ||
| 518 | |p Congreso chileno de antropología, II, Valdivia, 1995 | ||
| 999 | |c 383285 |d 383283 | ||
| 952 | |0 0 |1 0 |4 0 |6 301_000000000000000_COL_1997 |7 0 |8 X |9 505360 |a FDOMLP |b FDOMLP |d 2020-01-23 |h v.1 |i 3484718 |o 301 COL 1997 |p 3484718 |r 2020-01-23 |w 2020-01-23 |y BK_X |k BU2 | ||
| 952 | |0 0 |1 0 |4 0 |6 301_000000000000000_COL_1997 |7 0 |8 X |9 505361 |a FDOMLP |b FDOMLP |d 2020-01-23 |h v.2 |i 3484726 |o 301 COL 1997 |p 3484726 |r 2020-01-23 |w 2020-01-23 |y BK_X |k BU2 | ||